| 000 | 00538nam a22001817a 4500 | ||
|---|---|---|---|
| 003 | CEME | ||
| 005 | 20210628203341.0 | ||
| 008 | 210121b xxu||||| |||| 00| 0 eng d | ||
| 020 | _a0-07-138505-3 | ||
| 040 | _cceme | ||
| 082 | _a387.71 RAD | ||
| 100 |
_aRandoti, George _964900 |
||
| 245 | _aProfit strategies for air transportation | ||
| 260 |
_aNEW YORK _bMCGRAW HILL _c2002 |
||
| 300 | _aXIX,516 P | ||
| 650 |
_aAERONAUTICS COMMERCIAL- UNITED STATES -FINANCE, AIRLINES - UNITED STATES COST OF OPERATION _964901 |
||
| 942 |
_cBK _2ddc |
||
| 999 |
_c573262 _d573262 |
||